000
00281nam a22001337a 4500
020
_a
0-905114-39-6
082
_a
823
_b
823
100
_a
AND/R
245
_a
ANDERTON, C. J
260
_a
UK
_b
LEARNING DEVELOPMENT AIDS
300
_a
44
650
_a
ENGLISH SHORT STORY
942
_c
BK
999
_c
3564
_d
3564